| 000 | 02096cam a22005174i 4500 | ||
|---|---|---|---|
| 003 | PE-LiUPU | ||
| 005 | 20250731184537.0 | ||
| 008 | 180309s2009 ne rb 001 0 eng d | ||
| 020 | _a9789004179653 | ||
| 035 | _a(Sirsi) a241512 | ||
| 040 |
_aPE-LiUPU _bspa _cPE-LiUPU _erda |
||
| 049 | _aPRUA | ||
| 082 | 0 | 0 |
_a938.007202 _bL9 _222 |
| 245 | 0 | 0 |
_aLutheran humanists and Greek antiquity: _bMelanchthonian scholarship between universal history and pedagogy / _cedited by Asaph Ben-Tov. |
| 264 | 1 |
_aLeiden : _bBrill, _c2009. |
|
| 300 |
_aix, 235 páginas ; _c25 centímetros. |
||
| 336 |
_atext _2rdacontent |
||
| 337 |
_aunmediated _2rdamedia |
||
| 338 |
_avolume _2rdacarrier |
||
| 490 | 1 |
_aBrill's studies in intellectual history ; _v183 |
|
| 504 | _aBibliografía : páginas 221-229. | ||
| 504 | _aÍndice : páginas 231-235. | ||
| 505 | 0 | _aAcknowledgements -- Note on names and abbreviations -- Introduction -- Chapter one: Greek antiquity in Lutheran universal -- History -- Chapter two: Lutheran humanists and Byzantium: The scope of Greek antiquity -- Chapter three: Lutheran humanists on Greek: The history of Greek and Greek in history -- Chapter four: Some Lutheran readings of Greek texts -- Chapter five: Graecia transvolavit Alpes -- Conclusion -- Bibliography -- Index. | |
| 526 | _aP136 | ||
| 526 | _aP135 | ||
| 526 | _aP134 | ||
| 526 | _aP133 | ||
| 526 | _aP144 | ||
| 526 | _aP143 | ||
| 526 | _aP87 | ||
| 526 | _aP35 | ||
| 526 | _aP20 | ||
| 526 | _aP14 | ||
| 526 | _aP10 | ||
| 526 | _aP06 | ||
| 600 | 1 | 7 |
_aMelanchthon, Philipp _d1497-1560. |
| 650 | 0 | 4 |
_aHistoria _xAntigua _zGrecia. |
| 650 | 0 | 4 |
_aHistory _xAncient _zGreece. |
| 700 | 1 |
_aAsaph Ben-Tov, _eeditor. |
|
| 910 |
_adbm _bwmm _cwmm _d20180309 |
||
| 942 |
_2ddc _cBOOK |
||
| 994 |
_aC0 _bPEPRU |
||
| 596 | _a1 | ||
| 999 |
_a938.007202 L9 _wDEWEY _c27139 _i78369 _f2021-11-11 _g4 _lCCODEBUL1 _mBUL _p38.00 _r0 _sY _tBOOK _u2018-3-9 _xTEOLOGIA _PP35 _0COMPRA _o.STAFF. Colección Teología _d27139 |
||
| 980 |
_81 _gALBERTO SANCHEZ Responsable de Automatización |
||